000 01561nam a2200349 c 4500
003 BLK
005 20240417154826.0
008 180409b bul|||||r ||||||| ||bul||
010 _aKNG00123433000
020 _a978-954-771-230-0
_bиздат.: Кръгозор
040 _aBLK
041 _aBUL
_cBUL
080 _aАмериканска литература (на САЩ)
_b821.111(73)
_x-31
_z821.111(73)-31
100 1 _aГарсия, Ками
_eпърви автор
_9280099
700 1 _aСтоъл, Маргарет
_eсъавт.
_9125687
700 _aМичева, Паулина Стойчева
_9368043
139 _aГарсия, Ками и др.
_bГ 23
245 1 0 _aПрелестни създания
_bРоман
_cКами Гарсия; съавт. Маргарет Стоъл; прев. Паулина Стойчева Мичева.
257 _aUSA
260 София
_bКръгозор
_c2010
_fСофия : Експреспринт
300 _a416 с.
_c21 см
380 _aX
490 1 _aХроники на чародейците
_vКн. 1
500 _aОриг. загл. : Beautiful Creatures / Kami Garcia, Margaret Stohl. - Съдържа и за авт. На кор. означ. Кн. 1 от Хроники на чародейците.
653 _aромани
852 _aЦб 251821
856 4 _qpdf
_u
856 4 _qpdf
_u
942 _cKNG
_n0
_010
944 _aCR
_c03.06.2011
_lГеновева Генчева
_k30560
944 _aED
_c28.04.2015
_lф /
_kВиолета_Тройчева
999 _c117833
_d117833